| 000 | 01071nam a2200313 a 4500 | ||
|---|---|---|---|
| 001 | 000043389 | ||
| 003 | DO-SdBNP | ||
| 005 | 20171107134204.0 | ||
| 007 | 000043389 | ||
| 008 | 140312s1990 dr 000 0 spa d | ||
| 040 |
_aBPMET _bspa _cBPMET |
||
| 092 |
_axxx _bxxx |
||
| 100 | 1 | _aAdalberto Arias, José | |
| 245 | 1 | 0 |
_aEstructura del encaje legal en el sistema financiero dominicano : _banálisis crítico de las políticas de encaje aplicadas / _cJosé Adalberto Arias. |
| 260 |
_aSanto Domingo : _bCEMYD, _c1990. |
||
| 300 |
_a153 p. ; _c21 cm. |
||
| 490 | 1 | _aEstudios | |
| 500 | _aIncluye referencias bibliográficas y notas al pie de las páginas. | ||
| 500 | _aIncluye datos biográficos del autor en la contracubierta. | ||
| 504 | _aBibliografía : p. 151-153 | ||
| 710 | 1 | 2 | _aCentro de Estudios Monetarios y Bancarios (CEMYD) |
| 830 | 0 | _aEstudios | |
| 930 | 1 |
_l _m _8 _f _p _g |
|
| 942 |
_2ddc _cBK |
||
| 945 | _aInventariado / 2017 VM | ||
| 956 |
_a _b _c _l _h |
||
| 956 |
_a _b _c _l _h |
||
| 956 |
_aVMATEO _b10 _c20150507 _lBPMSU _h00151 |
||
| 999 |
_c7803 _d7803 |
||